|
|
|
|
| LEADER |
00581cam a2200157 7i4500 |
| 001 |
0000031018 |
| 005 |
20140418090000.0 |
| 020 |
0 |
0 |
|a 9781860997983
|
| 090 |
0 |
0 |
|a I 004.6025
|b MAJ
|
| 245 |
0 |
0 |
|a Major information technology companies of the world 2013.
|
| 260 |
0 |
0 |
|a London:
|b Graham & Whiteside,
|c 2013.
|
| 300 |
# |
# |
|a 1195 p.
|
| 650 |
0 |
0 |
|a Information technology --
|x Directories
|
| 650 |
0 |
0 |
|a Information technology --
|x Equipment and supplies --
|x Directories
|
| 650 |
0 |
0 |
|a Computer software industry --
|x Directories
|
| 999 |
|
|
|a B000034299
|b Directories
|c International
|e Business Information Centre
|